[Event "36th World Junior Girls"]
[Site "Manavgat TUR"]
[Date "2018.09.14"]
[Round "10.29"]
[White "Heydarova, Aytaj"]
[Black "Georgescu, Lena"]
[Result "0-1"]
[BlackTitle "WFM"]
[WhiteElo "1948"]
[BlackElo "2195"]
[WhiteFideId "13409999"]
[BlackFideId "1331973"]
[EventDate "2018.09.05"]

1. e4 c5 2. Nf3 Nc6 3. Nc3 d6 4. Bc4 e5 5. d3 Be7 6. O-O Nf6 7. Ng5 O-O 8. f4
exf4 9. Bxf4 h6 10. Nf3 Be6 11. Nd5 Nb4 12. Nxb4 cxb4 13. Bxe6 fxe6 14. Qd2 e5
15. Bg3 a5 16. Nh4 Nh5 17. Rxf8+ Bxf8 18. Bf2 Nf4 19. Nf5 d5 20. Be3 dxe4 21.
dxe4 Qxd2 22. Bxd2 Rc8 23. c3 bxc3 24. bxc3 Rc4 25. Re1 Nd3 26. Re2 Ra4 27. Be3
Nc5 28. Ng3 Nxe4 29. Nxe4 Rxe4 30. Kf2 Rc4 31. Bd2 e4 32. g4 Kf7 33. h3 Ke6 34.
h4 Kd5 35. Kg3 Bd6+ 36. Kf2 Be5 37. g5 hxg5 38. hxg5 g6 39. Be1 Bxc3 40. Bxc3
Rxc3 41. Rd2+ Ke5 0-1

[Event "36th World Junior Girls"]
[Site "Manavgat TUR"]
[Date "2018.09.14"]
[Round "10.30"]
[White "Ince, Safiye Oyku"]
[Black "Li, Xinyu"]
[Result "0-1"]
[WhiteTitle "WCM"]
[WhiteElo "1905"]
[BlackElo "2086"]
[WhiteFideId "6391222"]
[BlackFideId "8610401"]
[EventDate "2018.09.05"]

1. e4 c5 2. Nf3 d6 3. d4 cxd4 4. Nxd4 Nf6 5. Nc3 a6 6. a4 e5 7. Nb3 Be7 8. Be2
O-O 9. O-O Nc6 10. f4 exf4 11. Bxf4 Be6 12. Kh1 Rc8 13. Bf3 Ne5 14. Nd4 Re8 15.
Bg5 h6 16. Bxf6 Bxf6 17. Be2 Nc4 18. Bxc4 Rxc4 19. Nxe6 fxe6 20. Qh5 Qe7 21. Qf3
Rec8 22. Ra3 Be5 23. Rb3 Rd4 24. Qh3 Re8 25. Rd1 Rf8 26. Rg1 Rd2 27. Nd1 Rxc2
28. Qd3 Qh4 29. h3 Rc7 30. Rb6 Rcf7 31. Rb3 Qf6 32. Ne3 h5 33. Nc4 Qf4 34. Nxe5
Qxe5 35. Rd1 Rd7 36. Rb6 Rfd8 37. Qf3 Rc8 38. Qd3 d5 39. Qe2 Rdc7 40. Re1 Rc1
41. Rxb7 Qf4 42. g3 Qxg3 43. Rd1 Qxh3+ 44. Kg1 Qg3+ 45. Kh1 Qh4+ 46. Kg1 Qg5+
47. Kf2 0-1

[Event "36th World Junior Girls"]
[Site "Manavgat TUR"]
[Date "2018.09.14"]
[Round "10.31"]
[White "Can, Isil"]
[Black "Celik, Eylul"]
[Result "0-1"]
[WhiteTitle "WCM"]
[BlackTitle "WCM"]
[WhiteElo "1798"]
[BlackElo "2014"]
[WhiteFideId "34505733"]
[BlackFideId "34505792"]
[EventDate "2018.09.05"]

1. e4 c5 2. Nf3 e6 3. d4 cxd4 4. Nxd4 Qb6 5. Nb3 Qc7 6. Nc3 a6 7. Bd3 Nf6 8. O-O
b5 9. Qe2 b4 10. Nd1 Bb7 11. e5 Nd5 12. f4 a5 13. c4 bxc3 14. Nxc3 a4 15. Nxd5
Bxd5 16. Nd4 Bc5 17. Be3 Qb6 18. Qf2 Nc6 19. Nf5 Bxe3 20. Qxe3 Qxe3+ 21. Nxe3
Nb4 22. Nxd5 Nxd5 23. b3 Ke7 24. g3 Rhb8 25. bxa4 Rxa4 26. Bc2 Rd4 27. Bb3 Nc3
28. Rfe1 h5 29. Rac1 Rc8 30. Rc2 Rd3 31. Kf2 Rc6 32. Kg2 Nxa2 33. Rxc6 dxc6 34.
Bc4 Rc3 35. Be2 Rc2 36. Kh3 g6 37. Bd3 Rd2 38. Re2 Rxe2 39. Bxe2 Nc3 40. Bd3 Nd5
41. Kh4 c5 42. Kg5 Ne3 43. f5 exf5 0-1

[Event "36th World Junior Girls"]
[Site "Manavgat TUR"]
[Date "2018.09.14"]
[Round "10.32"]
[White "Nassr, Lina"]
[Black "Kamalidenova, Meruert"]
[Result "1/2-1/2"]
[WhiteTitle "WIM"]
[BlackTitle "WFM"]
[WhiteElo "1854"]
[BlackElo "2011"]
[WhiteFideId "7908075"]
[BlackFideId "13712802"]
[EventDate "2018.09.05"]

1. d4 Nf6 2. Nc3 d5 3. Bf4 g6 4. Nf3 Bg7 5. e3 O-O 6. Be2 c6 7. Ne5 Bf5 8. g4
Bc8 9. h4 Ne4 10. Nxe4 dxe4 11. h5 f6 12. Nc4 e6 13. hxg6 hxg6 14. Nd6 Qb6 15.
Bc4 Bd7 16. Bb3 c5 17. dxc5 Qxc5 18. Qe2 Na6 19. O-O-O Qc6 20. Qf1 Nc5 21. Qh3
Rfc8 22. Qh7+ Kf8 23. Nxc8 Nxb3+ 24. axb3 Rxc8 25. Rd2 g5 26. Bd6+ Kf7 27. Qh5+
Kg8 28. Qg6 Be8 29. Qh7+ Kf7 30. Qh3 a5 31. Ba3 b5 32. Bd6 a4 33. bxa4 Qa6 34.
Qh2 Qxa4 35. Kb1 b4 36. Qh5+ Kg8 37. Qh7+ Kf7 38. Qh5+ Kg8 39. Qh7+ Kf7 40. Qh5+ 1/2-1/2

[Event "36th World Junior Girls"]
[Site "Manavgat TUR"]
[Date "2018.09.14"]
[Round "10.34"]
[White "Nastase, Andreea-Cristina"]
[Black "De Silva, Tenara"]
[Result "0-1"]
[WhiteElo "1983"]
[BlackElo "1764"]
[WhiteFideId "1221183"]
[BlackFideId "9942270"]
[EventDate "2018.09.05"]

1. d4 Nf6 2. c4 g6 3. Nc3 d5 4. cxd5 Nxd5 5. e4 Nxc3 6. bxc3 Bg7 7. Be3 c5 8.
Rc1 Nc6 9. Nf3 cxd4 10. cxd4 O-O 11. d5 Ne5 12. Nxe5 Bxe5 13. Be2 e6 14. O-O
exd5 15. Qxd5 Qxd5 16. exd5 b6 17. Rfd1 Rd8 18. Bd4 Bxd4 19. Rxd4 Bb7 20. d6
Rac8 21. Rxc8 Bxc8 22. h3 Be6 23. a3 f5 24. g4 Kf7 25. gxf5 Bxf5 26. Bc4+ Kf6
27. Rh4 h5 28. Rd4 Bxh3 29. Bd3 Bf5 30. Bxf5 Kxf5 31. Rd3 Ke5 32. d7 Ke6 33. Rg3
Rxd7 34. Rxg6+ Kf5 35. Rg3 Rd4 36. Rc3 Kg4 37. Rg3+ Kf5 38. Rc3 h4 39. Kg2 Kg4
40. Re3 b5 41. Rb3 a6 42. Rc3 Rf4 43. f3+ Kg5 44. Rc5+ Rf5 45. Rc6 a5 46. Ra6 b4
47. axb4 axb4 48. Rb6 Rf4 49. Rb5+ Kf6 50. Kf2 Rc4 51. Ke3 Ke6 52. Kd3 Rc3+ 53.
Ke4 b3 54. Rb6+ Kd7 55. Kf4 Kc7 56. Rb4 Kc6 57. Kg4 Kc5 58. Rb8 Rc4+ 59. f4 Rb4
60. Rc8+ Kd4 61. Rd8+ Ke3 62. Re8+ Kd2 63. Rd8+ Kc3 64. Rc8+ Rc4 65. Rb8 b2 66.
Kg5 Kc2 67. f5 b1=Q 68. Rxb1 Kxb1 69. f6 h3 70. f7 Rc8 0-1

[Event "36th World Junior Girls"]
[Site "Manavgat TUR"]
[Date "2018.09.14"]
[Round "10.35"]
[White "Celik, Eda"]
[Black "Anacoglu, Cisel"]
[Result "1/2-1/2"]
[WhiteElo "1970"]
[BlackElo "1791"]
[WhiteFideId "6351727"]
[BlackFideId "34573631"]
[EventDate "2018.09.05"]

1. e4 e5 2. Nf3 Nc6 3. Bb5 a6 4. Ba4 Nf6 5. O-O Be7 6. Re1 b5 7. Bb3 O-O 8. h3
Bb7 9. d3 d5 10. exd5 Nxd5 11. Nxe5 Nd4 12. Nd2 f6 13. Nef3 Nxb3 14. Nxb3 c5 15.
c3 a5 16. d4 c4 17. Nc5 Bxc5 18. dxc5 Qc7 19. Nd4 Qxc5 20. Ne6 Qc6 21. Qg4 Rf7
22. Bh6 Qd7 23. Qg3 Kh8 24. Nc5 Qc6 25. Be3 Nxe3 26. Nxb7 Qxg2+ 27. Qxg2 Nxg2
28. Nd6 Nxe1 29. Nxf7+ Kg8 30. Nh6+ gxh6 31. Rxe1 Kf7 32. Rd1 Ke6 33. Re1+ Kd6
34. Rd1+ Kc6 35. Rd4 Rg8+ 36. Kf1 Rg5 37. Rf4 f5 38. h4 Rg4 39. Rxf5 Rxh4 40.
Rf6+ Kc5 41. Rf5+ 1/2-1/2

[Event "36th World Junior Girls"]
[Site "Manavgat TUR"]
[Date "2018.09.14"]
[Round "10.36"]
[White "Zairbek kyzy, Begimay"]
[Black "Aubert, Laurane"]
[Result "1-0"]
[WhiteElo "1770"]
[BlackElo "1970"]
[WhiteFideId "13803603"]
[BlackFideId "20690371"]
[EventDate "2018.09.05"]

1. e4 c5 2. c3 Nf6 3. e5 Nd5 4. d4 cxd4 5. cxd4 e6 6. Nf3 d6 7. Bc4 Nc6 8. O-O
Be7 9. a3 O-O 10. Bd3 Qc7 11. Re1 Bd7 12. Nc3 Nxc3 13. bxc3 dxe5 14. dxe5 f6 15.
Qc2 f5 16. Bc4 Na5 17. Ba2 Rac8 18. Nd4 Nc4 19. Rb1 b6 20. Qe2 Kh8 21. a4 Bd8
22. Rb4 Nxe5 23. Nxe6 Bxe6 24. Bxe6 Ng4 25. g3 Be7 26. Rc4 Bc5 27. Bxc8 Nxf2 28.
Be3 Nh3+ 29. Kg2 Qxc8 30. Bxc5 bxc5 31. Kxh3 f4+ 32. Qe6 Qd8 33. Rxf4 Rxf4 34.
gxf4 Qd3+ 35. Kg2 1-0

[Event "36th World Junior Girls"]
[Site "Manavgat TUR"]
[Date "2018.09.14"]
[Round "10.38"]
[White "Tian, Shi Yuan"]
[Black "Caballero Quijano, Mitzy Mishell"]
[Result "0-1"]
[BlackTitle "WIM"]
[WhiteElo "1923"]
[BlackElo "2034"]
[WhiteFideId "2623960"]
[BlackFideId "3807223"]
[EventDate "2018.09.05"]

1. d4 Nf6 2. Nf3 e6 3. c4 Bb4+ 4. Bd2 Bxd2+ 5. Nbxd2 O-O 6. g3 b6 7. Bg2 Bb7 8.
O-O c5 9. Rc1 cxd4 10. Nb3 d5 11. Ne5 Nbd7 12. Qxd4 Rc8 13. Rfd1 Nc5 14. Nxc5
bxc5 15. Qf4 Qa5 16. a3 Rfd8 17. cxd5 exd5 18. Bf3 Qc7 19. e3 Re8 20. Nd3 Qb6
21. Rc2 a5 22. Qh4 h6 23. Qh3 c4 24. Nc1 Rc5 25. Ne2 Rb5 26. Nc3 Rb3 27. Nxd5
Bxd5 28. Bxd5 Rxb2 29. Rxc4 Rxf2 30. Rc8 Qxe3 31. Rxe8+ Nxe8 32. Kh1 Rd2 33. Qh5
Rxd1+ 34. Qxd1 Qxa3 35. Bb3 Qe7 36. Qd5 Nf6 37. Qa8+ Kh7 38. Bc2+ g6 39. Qxa5
Qe2 40. Qa1 Ng4 41. Bxg6+ Kxg6 42. Qb1+ Kg7 43. Qa1+ f6 44. Qa7+ Kg6 45. Qg1 h5
46. Qb1+ Kh6 47. Qc1+ Ne3 0-1

[Event "36th World Junior Girls"]
[Site "Manavgat TUR"]
[Date "2018.09.14"]
[Round "10.39"]
[White "Yorgun, Yaren Naz"]
[Black "Nemcova, Karin"]
[Result "1/2-1/2"]
[WhiteElo "1751"]
[BlackElo "1990"]
[WhiteFideId "6361021"]
[BlackFideId "360821"]
[EventDate "2018.09.05"]

1. e4 c5 2. Nf3 e6 3. d4 cxd4 4. Nxd4 Nc6 5. Nc3 d6 6. g3 Nf6 7. Bg2 Be7 8. Nxc6
bxc6 9. e5 Nd5 10. exd6 Bxd6 11. O-O O-O 12. Ne4 Ba6 13. Re1 Be7 14. Bd2 Rb8 15.
Qc1 c5 16. Rd1 Be2 17. Re1 Ba6 18. Rd1 c4 19. Rb1 Qc8 20. Nc3 Nxc3 21. Bxc3 Rd8
22. Rxd8+ Qxd8 23. Qd1 Qb6 24. Qd4 Qxd4 25. Bxd4 Bf6 26. Bxa7 Rxb2 27. Rxb2 Bxb2
28. Bf1 Kf8 29. f4 Ke7 30. Kf2 Kd6 31. Ke3 1/2-1/2

[Event "36th World Junior Girls"]
[Site "Manavgat TUR"]
[Date "2018.09.14"]
[Round "10.40"]
[White "Sade, Defne"]
[Black "Vujcic, Milena"]
[Result "1-0"]
[WhiteTitle "WCM"]
[WhiteElo "1826"]
[BlackElo "1955"]
[WhiteFideId "6371884"]
[BlackFideId "954748"]
[EventDate "2018.09.05"]

1. e4 e5 2. Nf3 Nc6 3. Bb5 a6 4. Ba4 Nf6 5. d3 d6 6. O-O g6 7. Nc3 Bg7 8. Bg5
O-O 9. Qd2 b5 10. Bb3 Qe8 11. Nh4 Nd4 12. Rae1 a5 13. a4 b4 14. Nd5 Nxb3 15.
cxb3 Nxd5 16. exd5 Bb7 17. Bh6 Qe7 18. g3 Bxd5 19. d4 e4 20. Ng2 Bxb3 21. Bxg7
Kxg7 22. d5 Bxa4 23. f3 c5 24. Rxe4 Qd7 25. Rh4 f6 26. Nf4 Kg8 27. Ne6 Rfe8 28.
Qf4 Rxe6 29. dxe6 Qxe6 30. Qh6 Qe7 31. Re4 Qf7 32. Rfe1 Re8 33. Rxe8+ Bxe8 34.
Qf4 Bc6 35. Qxd6 Qd5 36. Re8+ Kg7 37. Qf8# 1-0

[Event "36th World Junior Girls"]
[Site "Manavgat TUR"]
[Date "2018.09.14"]
[Round "10.43"]
[White "Incecik, Seyma Zeynep"]
[Black "Santeramo, Alessia"]
[Result "1/2-1/2"]
[BlackTitle "WFM"]
[WhiteElo "1716"]
[BlackElo "2124"]
[WhiteFideId "6374948"]
[BlackFideId "850810"]
[EventDate "2018.09.05"]

1. e4 e5 2. Bc4 Nf6 3. d4 exd4 4. Nf3 Nc6 5. O-O Nxe4 6. Re1 d5 7. Bxd5 Qxd5 8.
Nc3 Qh5 9. Nxe4 Be6 10. Bg5 Bd6 11. Nxd6+ cxd6 12. Bf4 Qd5 13. c3 Qf5 14. cxd4
Qxf4 15. d5 O-O 16. dxe6 fxe6 17. Rxe6 Ne5 18. Rxd6 Nxf3+ 19. gxf3 Qxf3 20. Qxf3
Rxf3 21. Rd7 Rf7 22. Rad1 Raf8 23. Rxf7 Rxf7 24. Rd8+ Rf8 25. Rd7 Rf7 26. Rd8+
Rf8 27. Rd7 Rf7 28. Rd8+ Rf8 29. Rd7 Rf7 30. Rd8+ Rf8 1/2-1/2

[Event "36th World Junior Girls"]
[Site "Manavgat TUR"]
[Date "2018.09.14"]
[Round "10.46"]
[White "Rousseau, Christilla"]
[Black "Aydin, Gulenay"]
[Result "0-1"]
[BlackTitle "WCM"]
[WhiteElo "1677"]
[BlackElo "1882"]
[WhiteFideId "251801"]
[BlackFideId "34557431"]
[EventDate "2018.09.05"]

1. d4 Nf6 2. Bf4 g6 3. e3 Bg7 4. Nf3 O-O 5. h3 d6 6. Be2 c5 7. c3 Qb6 8. Qb3 Be6
9. Qc2 Nc6 10. Nbd2 d5 11. dxc5 Qxc5 12. O-O b5 13. Nb3 Qb6 14. Nbd4 Nxd4 15.
exd4 Ne4 16. Qb3 Nd6 17. Ne5 h6 18. Nd3 a6 19. Nc5 Nc4 20. Rad1 Qc6 21. Rfe1 Bc8
22. Nd3 Bb7 23. Bf3 Rfe8 24. Bh2 Rad8 25. Ne5 Nxe5 26. dxe5 e6 27. Bf4 Re7 28.
Qb4 Rc7 29. Qd4 Rdc8 30. h4 a5 31. Qd2 Kh7 32. g4 Ba6 33. a3 Rb7 34. Qc2 b4 35.
Bd2 Bb5 36. h5 Ba4 37. hxg6+ fxg6 38. b3 bxc3 39. bxa4 cxd2 40. Qxd2 Qxa4 41.
Kg2 Rc2 42. Qd3 Rbb2 43. Re2 Rxe2 44. Bxe2 Qf4 45. Bf3 Bxe5 46. Kh1 Qh2# 0-1

[Event "36th World Junior Girls"]
[Site "Manavgat TUR"]
[Date "2018.09.14"]
[Round "10.47"]
[White "Esti, Kubra Selenay"]
[Black "Bail, Ellen Larissa"]
[Result "0-1"]
[WhiteElo "1662"]
[BlackElo "1832"]
[WhiteFideId "6358187"]
[BlackFideId "2142171"]
[EventDate "2018.09.05"]

1. d4 Nf6 2. Bf4 g6 3. e3 Bg7 4. Nf3 O-O 5. Be2 d6 6. h3 Nfd7 7. c4 e5 8. Bh2
Nc6 9. Nc3 f5 10. O-O e4 11. Nd2 Nf6 12. Qa4 Re8 13. Nb5 a6 14. Nc3 g5 15. b4
Ne7 16. Qd1 Ng6 17. Bh5 Nxh5 18. Qxh5 Nf8 19. a3 Re6 20. Qe2 Rh6 21. f3 exf3 22.
Qxf3 c6 23. Ne2 Qe7 24. Rae1 Ng6 25. Bg3 Bd7 26. Nc1 Nh4 27. Qf2 Re8 28. Ncb3 b6
29. c5 bxc5 30. bxc5 d5 31. Bd6 Qf7 32. Nb1 Qh5 33. Bg3 Rf8 34. Bd6 Ra8 35. Bg3
Ng6 36. Qe2 g4 37. hxg4 fxg4 38. Qd3 Qh1+ 39. Kf2 Rf8+ 40. Ke2 Qxg2+ 0-1

[Event "36th World Junior Girls"]
[Site "Manavgat TUR"]
[Date "2018.09.15"]
[Round "11.1"]
[White "Tokhirjonova, Gulrukhbegim"]
[Black "Dordzhieva, Dinara"]
[Result "1/2-1/2"]
[WhiteTitle "WGM"]
[BlackTitle "WIM"]
[WhiteElo "2369"]
[BlackElo "2318"]
[WhiteFideId "14203626"]
[BlackFideId "24157570"]
[EventDate "2018.09.05"]

1. e4 c5 2. Nf3 d6 3. d4 cxd4 4. Nxd4 Nf6 5. Nc3 a6 6. h3 e6 7. g4 h6 8. Bg2 g5
9. Be3 Nbd7 10. Qe2 Ne5 11. f4 gxf4 12. Bxf4 b5 13. a3 Bb7 14. O-O-O Qc7 15.
Rhf1 Nfd7 16. Qf2 O-O-O 17. Nde2 Kb8 18. Be3 Rc8 19. Kb1 Nc4 20. Bd4 Nde5 21.
Nc1 Rh7 22. N1a2 Nc6 23. Bf6 N6e5 24. Rfe1 Qc6 25. Bf1 a5 26. Bxe5 dxe5 27. Bxc4
bxc4 28. Qf6 Bd6 29. Re2 Qc5 30. Red2 Be7 31. Qf3 Bc6 32. a4 f6 33. Nb5 Bxb5 34.
axb5 Qxb5 35. Nc3 Qc6 36. Rd7 Rc7 37. Rxc7 Qxc7 38. Qf2 Qc6 39. Qd2 Kc8 40. Qf2
Kb8 41. Qd2 Rh8 42. Qd7 Qxd7 43. Rxd7 Bd8 44. Na4 h5 45. Nc5 Kc8 46. Rg7 hxg4
47. hxg4 Bb6 48. Nd7 Bd8 49. Nc5 Bb6 50. Na4 Bd4 51. Rf7 Rg8 52. Rxf6 Rxg4 53.
Rxe6 Kd7 54. Ra6 Rxe4 55. c3 Bf2 56. Kc2 Re2+ 57. Kd1 Re1+ 58. Kd2 Kc7 59. Rf6
Bh4 60. Re6 e4 61. Nc5 e3+ 62. Rxe3 Rxe3 63. Kxe3 Kc6 64. Ne6 Kd5 65. Nf4+ Kc5
66. Ke4 Kb5 67. Kd5 Bg5 68. Ne2 Be3 69. Ke4 Bc5 70. Kd5 Be3 71. Nd4+ Bxd4 72.
Kxd4 Ka4 73. Kxc4 1/2-1/2

[Event "36th World Junior Girls"]
[Site "Manavgat TUR"]
[Date "2018.09.15"]
[Round "11.2"]
[White "Assaubayeva, Bibisara"]
[Black "Zhu, Jiner"]
[Result "0-1"]
[WhiteTitle "FM"]
[BlackTitle "WIM"]
[WhiteElo "2371"]
[BlackElo "2364"]
[WhiteFideId "13708694"]
[BlackFideId "8608059"]
[EventDate "2018.09.05"]

1. d4 Nf6 2. c4 e6 3. Nf3 d5 4. Nc3 dxc4 5. e4 Bb4 6. Bg5 c5 7. Bxc4 cxd4 8.
Nxd4 Qa5 9. Bxf6 Bxc3+ 10. bxc3 Qxc3+ 11. Kf1 gxf6 12. Bb5+ Ke7 13. Rc1 Qa5 14.
Qe2 Bd7 15. e5 Bxb5 16. exf6+ Kxf6 17. Nxb5 Nc6 18. h4 Rad8 19. Rh3 Ke7 20. Rb3
Rhg8 21. Qc2 Rd5 22. Qxh7 Qd2 23. Re1 Re5 24. Reb1 Rf5 25. Rf3 Rxf3 26. gxf3 Rg6 0-1

[Event "36th World Junior Girls"]
[Site "Manavgat TUR"]
[Date "2018.09.15"]
[Round "11.3"]
[White "Maltsevskaya, Aleksandra"]
[Black "Potapova, Margarita"]
[Result "1-0"]
[BlackTitle "WFM"]
[WhiteElo "2234"]
[BlackElo "2277"]
[WhiteFideId "24174041"]
[BlackFideId "14126869"]
[EventDate "2018.09.05"]

1. e4 c5 2. Nf3 Nc6 3. g3 e5 4. Bg2 g6 5. O-O Bg7 6. d3 Nge7 7. Nc3 O-O 8. a3 d6
9. b4 h6 10. Rb1 Nd4 11. bxc5 dxc5 12. Nxd4 exd4 13. Ne2 Rb8 14. Bf4 Ra8 15. Bd2
Rb8 16. h3 b5 17. g4 a5 18. f4 f5 19. gxf5 gxf5 20. Ng3 Kh7 21. Kh2 b4 22. Rg1
Rb6 23. Qe2 Bd7 24. axb4 cxb4 25. Bf3 Qe8 26. Rg2 Ng6 27. Nxf5 Bxf5 28. exf5 Nh4
29. Be4 Bf6 30. Rg4 h5 31. Rg3 Kh8 32. Rbg1 Rb7 33. Qf2 Re7 34. Re1 Qc8 35. Qe2
Qxc2 36. Reg1 Qc7 37. Rg6 Rh7 38. R6g3 Qd7 39. Qf2 Nxf5 40. Rg6 Bg7 41. Bc1 a4
42. Bb2 Ne3 43. R6g5 Bf6 44. Qxe3 a3 45. Qg3 Qe6 46. Bd5 Bxg5 1-0

[Event "36th World Junior Girls"]
[Site "Manavgat TUR"]
[Date "2018.09.15"]
[Round "11.4"]
[White "Varshini, V"]
[Black "Tsolakidou, Stavroula"]
[Result "0-1"]
[WhiteTitle "WIM"]
[BlackTitle "IM"]
[WhiteElo "2173"]
[BlackElo "2393"]
[WhiteFideId "5091241"]
[BlackFideId "4264312"]
[EventDate "2018.09.05"]

1. e4 c5 2. Nc3 e6 3. Nge2 Nc6 4. d4 cxd4 5. Nxd4 Qc7 6. Be2 a6 7. O-O Nf6 8. a3
Nxd4 9. Qxd4 Bc5 10. Qd3 b5 11. Bf3 Rb8 12. Re1 Bd6 13. g3 Be5 14. a4 b4 15. Ne2
d6 16. Bg2 Nd7 17. f4 Bf6 18. Rd1 O-O 19. g4 Bb7 20. g5 Be7 21. b3 Rbc8 22. Nd4
Rfe8 23. Qe2 Bf8 24. Bb2 g6 25. Rac1 Qc5 26. Kh1 e5 27. c3 exd4 28. cxd4 Qb6 29.
Rxc8 Bxc8 30. d5 Bg7 31. Bxg7 Kxg7 32. Qb2+ Kg8 33. Re1 Qc5 34. e5 dxe5 35. Qb1
Bb7 36. Rc1 Qd6 37. Qe4 Nb6 38. Rd1 Bxd5 0-1

[Event "36th World Junior Girls"]
[Site "Manavgat TUR"]
[Date "2018.09.15"]
[Round "11.5"]
[White "Nomin-Erdene, Davaademberel"]
[Black "Nurgali, Nazerke"]
[Result "0-1"]
[WhiteTitle "IM"]
[BlackTitle "WFM"]
[WhiteElo "2377"]
[BlackElo "2080"]
[WhiteFideId "4900782"]
[BlackFideId "13711261"]
[EventDate "2018.09.05"]

1. g3 d5 2. Bg2 Nf6 3. f4 c5 4. Nf3 e6 5. d3 b6 6. O-O Bb7 7. e3 Be7 8. h3 Qc7
9. b3 Nbd7 10. Bb2 Bd6 11. Nbd2 O-O 12. Qe1 e5 13. e4 Rfe8 14. f5 c4 15. bxc4
dxe4 16. dxe4 Nc5 17. Nh2 Na4 18. Rb1 Bb4 19. Bc1 Qd6 20. Rb3 Qd4+ 21. Kh1 Bxd2
22. Bxd2 Bxe4 23. Nf3 Qd6 24. g4 Bxc2 25. Re3 e4 26. Bb4 Nc5 27. Nd2 a5 28. Bc3
Rad8 29. Qh4 Na4 30. Bxf6 Qxf6 31. Qf2 Nc5 32. Nb3 Bd3 33. Rc1 Nb7 34. Ree1 a4
35. Nd2 Nc5 36. Qe3 h6 37. Qf4 Rd4 38. Re3 Rdd8 39. Ree1 Ne6 40. Qf2 Qd4 41. Qg3
Nc5 42. h4 e3 43. Nf3 Qd6 44. Kh2 Kf8 45. a3 Nb3 46. Qxd6+ Rxd6 47. Rc3 Nd2 48.
c5 bxc5 49. Rxc5 Nc4 50. Ra1 e2 51. Ne1 Nd2 52. Rc3 Nb3 53. Ra2 Bb1 54. Rb2 Rd1
55. Nf3 Nd4 0-1

[Event "36th World Junior Girls"]
[Site "Manavgat TUR"]
[Date "2018.09.15"]
[Round "11.6"]
[White "Khomeriki, Nino"]
[Black "Paramzina, Anastasya"]
[Result "1-0"]
[WhiteTitle "WIM"]
[BlackTitle "WGM"]
[WhiteElo "2313"]
[BlackElo "2222"]
[WhiteFideId "13603191"]
[BlackFideId "4165012"]
[EventDate "2018.09.05"]

1. d4 Nf6 2. Nf3 g6 3. g3 Bg7 4. Bg2 c5 5. d5 d6 6. O-O O-O 7. c4 e6 8. Nc3 exd5
9. cxd5 Re8 10. Nd2 b6 11. a4 Nbd7 12. h3 Nh5 13. Kh2 f5 14. Nc4 Ne5 15. Nxe5
Bxe5 16. f4 Bg7 17. Bf3 Nf6 18. Qd3 Qe7 19. Qc4 a6 20. Bd2 Bd7 21. Qa2 h5 22.
Rg1 Kf7 23. e3 Ng4+ 24. hxg4 hxg4 25. Be2 g5 26. Bd3 Rac8 27. Rae1 c4 28. Bc2
gxf4 29. exf4 Qf6 30. Rxe8 Rxe8 31. Qxc4 b5 32. Qd3 b4 33. Nd1 Re4 34. Nf2 Re8
35. Kg2 a5 36. b3 Rc8 37. Bb1 Qb2 38. Nd1 Qf6 39. Ne3 Kg6 40. Nxg4 Qb2 41. Ne3
Rc3 42. Qe2 Bd4 43. Re1 Rxb3 44. Nxf5 Bxf5 45. Qg4+ Kf7 46. Qxf5+ Bf6 47. Qg6+ 1-0

[Event "36th World Junior Girls"]
[Site "Manavgat TUR"]
[Date "2018.09.15"]
[Round "11.7"]
[White "Antova, Gabriela"]
[Black "Sliwicka, Alicja"]
[Result "1-0"]
[WhiteTitle "FM"]
[BlackTitle "WFM"]
[WhiteElo "2292"]
[BlackElo "2272"]
[WhiteFideId "2915235"]
[BlackFideId "1150677"]
[EventDate "2018.09.05"]

1. d4 Nf6 2. c4 g6 3. Nf3 Bg7 4. g3 O-O 5. Bg2 d5 6. cxd5 Nxd5 7. O-O Nb6 8. Nc3
Nc6 9. e3 a5 10. d5 Nb4 11. e4 f5 12. Ng5 h6 13. Nh3 e5 14. a3 Na6 15. f4 fxe4
16. fxe5 Rxf1+ 17. Bxf1 Kh7 18. Bf4 Qe7 19. Qd4 Nc5 20. Re1 Bf5 21. Nf2 g5 22.
Be3 Nbd7 23. Bg2 Bxe5 24. Qc4 Bg7 25. Ncxe4 Nxe4 26. Nxe4 Re8 27. Bd2 Ne5 28.
Qb5 Qd7 29. Qxd7 Nxd7 30. Nxg5+ hxg5 31. Rxe8 Bxb2 32. Bxa5 Bxa3 33. Bxc7 Bc5+
34. Kf1 Nf6 35. Rb8 b5 36. h3 g4 37. hxg4 Nxg4 38. Bf4 Bd3+ 39. Ke1 Bb4+ 40. Kd1
Nf2+ 41. Kc1 Bc4 42. Rb7+ Kg6 43. Kb1 Bd3+ 44. Kb2 Bc4 45. d6 Nd3+ 46. Kb1 Nc5
47. Ra7 Bd3+ 48. Kb2 Bf5 49. Bf1 Na4+ 50. Kb3 Bc5 51. d7 Bb6 52. Bd6 Kf6 53.
Bxb5 Ke6 54. Bxa4 Kxd6 55. Ra6 Be6+ 56. Kb2 Kd5 1-0

[Event "36th World Junior Girls"]
[Site "Manavgat TUR"]
[Date "2018.09.15"]
[Round "11.8"]
[White "Caglar, Sila"]
[Black "Chitlange, Sakshi"]
[Result "1-0"]
[WhiteTitle "WFM"]
[BlackTitle "WIM"]
[WhiteElo "2208"]
[BlackElo "2279"]
[WhiteFideId "6364063"]
[BlackFideId "35002899"]
[EventDate "2018.09.05"]

1. e4 c6 2. d4 d5 3. Nc3 dxe4 4. Nxe4 Nd7 5. Ng5 Ngf6 6. Bd3 e6 7. N1f3 Bd6 8.
Qe2 h6 9. Ne4 Nxe4 10. Qxe4 Nf6 11. Qe2 Qa5+ 12. Bd2 Bb4 13. c3 Bd6 14. Ne5 Qd5
15. O-O O-O 16. Rfe1 Re8 17. a4 Bf8 18. Bc4 Qd8 19. Qf3 Qe7 20. b4 Bd7 21. b5
Rec8 22. Rab1 cxb5 23. axb5 Be8 24. Bd3 Rc7 25. c4 Qd8 26. Be3 Nd7 27. Red1 Nxe5
28. dxe5 Qe7 29. Qe4 g6 30. h4 a5 31. h5 Rd7 32. Bc2 Rad8 33. Bb6 Rxd1+ 34. Bxd1
Ra8 35. Bf3 a4 36. c5 Bg7 37. Qxb7 Qxb7 38. Bxb7 Rb8 39. c6 Bxe5 40. Rb4 a3 41.
Ra4 Bd6 42. Rxa3 Bxa3 43. c7 Rxb7 44. c8=Q Rxb6 45. Qxe8+ Kg7 46. hxg6 fxg6 47.
Qd7+ Kf6 48. Qd4+ 1-0

[Event "36th World Junior Girls"]
[Site "Manavgat TUR"]
[Date "2018.09.15"]
[Round "11.9"]
[White "Bai, Xue"]
[Black "Hojjatova, Aydan"]
[Result "1-0"]
[BlackTitle "WGM"]
[WhiteElo "2073"]
[BlackElo "2356"]
[WhiteFideId "8608717"]
[BlackFideId "13401491"]
[EventDate "2018.09.05"]

1. e4 e6 2. d4 d5 3. Nc3 Bb4 4. e5 c5 5. Nf3 Ne7 6. a3 Bxc3+ 7. bxc3 Qa5 8. Qd2
Qa4 9. Rb1 c4 10. g3 Nbc6 11. Bh3 b6 12. Nh4 Bd7 13. O-O O-O-O 14. f4 Rdf8 15.
f5 exf5 16. Nxf5 Kb8 17. Nxe7 Bxh3 18. Nxc6+ Qxc6 19. Rf2 h5 20. Qg5 h4 21. Bf4
Ka8 22. Qxg7 hxg3 23. Bxg3 Rhg8 24. Qf6 Qe6 25. Rf4 Kb7 26. Kf2 Qd7 27. Qd6 Rg6 1-0